مرات العروس (Record no. 14746)

MARC details
000 -LEADER
fixed length control field 00329nam a2200133Ia 4500
008 - FIXED-LENGTH DATA ELEMENTS--GENERAL INFORMATION
fixed length control field 230312s9999||||xx |||||||||||||| ||und||
082 ## - DEWEY DECIMAL CLASSIFICATION NUMBER
Classification number 891.4
Item number NAZ-M
100 ## - MAIN ENTRY--PERSONAL NAME
Personal name ڈپٹی نذیر احمد
245 #0 - TITLE STATEMENT
Title مرات العروس
260 ## - PUBLICATION, DISTRIBUTION, ETC.
Name of publisher, distributor, etc. Romal house
Place of publication, distribution, etc. pakisrtan
Date of publication, distribution, etc. 2017
300 ## - PHYSICAL DESCRIPTION
Extent 222
650 ## - SUBJECT ADDED ENTRY--TOPICAL TERM
Topical term or geographic name entry element Literature
942 ## - ADDED ENTRY ELEMENTS (KOHA)
Koha item type BOOK
Holdings
Withdrawn status Lost status Source of classification or shelving scheme Damaged status Not for loan Home library Current library Date acquired Total Checkouts Full call number Barcode Date last seen Date last checked out Price effective from Koha item type
    Dewey Decimal Classification     Superior Information Resource Center (SIRC) Superior University- Central Library Superior Information Resource Center (SIRC) Superior University- Central Library 03/13/2023 2 891.4 NAZ-M 14889 08/27/2025 08/19/2025 03/13/2023 BOOK

Powered by Koha